00666nam a2200229 a 4500001001300000003000900013005001700022008004100039020001000080082002100090100002000111245002400131260005100155300000900206500003500215505001000250700002000260902000800280942000700288952012600295999001500421nice12345678IN_TiNIC20260116012946.0050524s1969 dela grp 000 0 eng  ac10000a305.6945097bAHM aAhmad, S Maqbul aIndo-Arab Relations aDelhibIndian Council for Cult.Relationsc1969 a187p aincludes index and biblioraphy2 aIndex1 aAhmad, S Maqbul bSRS cBK 00104070aHMIbHMId2007-03-29g100.00l2o305.6945097 AHMp010326q2026-02-24r2026-02-10s2026-02-10w2026-01-16yEB c9059d9059